Η γλώσσα C σε βάθος : πλήρης οδηγός εκμάθησης της γλώσσας c με εκτενή αναφορά στις δομές δεδομένων

Αποθηκεύτηκε σε:
Λεπτομέρειες βιβλιογραφικής εγγραφής
Κύριος συγγραφέας: Χατζηγιαννάκης, Νίκος Μ.
Μορφή: Βιβλίο
Γλώσσα:Greek
Δημοσίευση: Αθήνα : Κλειδάριθμος, 2005, 2006
Έκδοση:2η έκδ.
Θέματα:
Ετικέτες: Προσθήκη ετικέτας
Δεν υπάρχουν, Καταχωρήστε ετικέτα πρώτοι!

MARC

LEADER 00000cam a2200000 i 4500
001 1/70117
008 080114s20052006 gre d
020 |a 960-209-966-6 
035 |l 10093595 
040 |a GR-MY-UA  |b gre  |e aacr 
041 0 |a gre 
082 0 |a 005.133  |2 (22) 
100 1 |a Χατζηγιαννάκης, Νίκος Μ. 
245 1 2 |a Η γλώσσα C σε βάθος :  |b πλήρης οδηγός εκμάθησης της γλώσσας c με εκτενή αναφορά στις δομές δεδομένων /  |c Νίκος Μ. Χατζηγιαννάκης 
250 |a 2η έκδ. 
260 |a Αθήνα :   |b Κλειδάριθμος,   |c 2005, 2006 
300 |a 432 σ.;  |b εικ., πίν.;  |c 24 εκ.+  |e 1 οπτική δισκέτα λέϊζερ Η/Υ (4 3/4 ίν) 
500 |a Περιλαμβάνει αναλυτικά λυμένα παραδείγματα, επεξηγηματικά σχήματα, και ασκήσεις 
500 |a Περιλαμβάνει CD ROM με τις απαντήσεις των ασκήσεων, τον κώδικα των προγραμμάτων, καθώς και με το ολοκληρωμένο περιβάλλον μεταγλώττισης DEV C/C++ 
504 |a Περιέχει βιβλιογραφικές παραπομπές και ευρετήριο 
504 |a Βιβλιογραφία: σ. 424-425 
504 |a Ευρετήριο: σ. 428-432 
650 0 0 |a C (Computer program language) 
650 0 0 |a Programming languages (Electronic computers) 
852 |a INST  |b LESVOS  |e 20080114  |h 005.133 ΧΑΤ  |p 005100040506  |q 005100040506  |t BK  |y 0 
852 |a INST  |b LESVOS  |e 20080114  |h 005.133 ΧΑΤ   |p 005100040505  |q 005100040505  |t BK  |y 0 
901 |a BIBL1-2008-1 
909 |a Λ  |b 140986 
909 |a Λ  |b 141034 
970 |a Γιαλαμά  |b Μαρία  |z 2008/01/14